Ambasady Czech na świecie - Statystyki

Ogólne statystyki
  • Ten quiz został rozwiązany 89 razy
  • Średni wynik to 49 z 80
Statystyki odpowiedzi
Kontynent Państwo % Poprawnych
Europa Polska
99%
Europa Hiszpania
89%
Europa Niemcy
89%
Europa Rosja
89%
Ameryka Południowa Brazylia
86%
Europa Słowacja
86%
Azja Chiny
84%
Europa Finlandia
84%
Europa Francja
84%
Europa Litwa
84%
Europa Szwecja
84%
Europa Włochy
84%
Azja Japonia
83%
Europa Ukraina
83%
Europa Austria
81%
Europa Łotwa
81%
Europa Norwegia
81%
Ameryka Południowa Argentyna
80%
Europa Estonia
80%
Europa Grecja
80%
Europa Wielka Brytania
80%
Oceania Australia
79%
Europa Belgia
79%
Europa Holandia
79%
Europa Dania
77%
Afryka Egipt
77%
Azja Indie
77%
Azja Turcja
77%
Europa Węgry
77%
Europa Chorwacja
74%
Europa Portugalia
74%
Europa Białoruś
73%
Europa Bułgaria
70%
Europa Irlandia
70%
Europa Islandia
70%
Europa Albania
69%
Azja Arabia Saudyjska
69%
Europa Rumunia
69%
Afryka Algieria
67%
Afryka Republika Południowej Afryki
67%
Europa Serbia
67%
Europa Słowenia
66%
Azja Izrael
64%
Azja Korea Południowa
64%
Ameryka Południowa Chile
63%
Azja Iran
63%
Azja Irak
61%
Europa Bośnia i Hercegowina
59%
Azja Azerbejdżan
57%
Azja Indonezja
57%
Europa Luksemburg
57%
Azja Armenia
56%
Ameryka Południowa Peru
56%
Oceania Nowa Zelandia
54%
Azja Gruzja
53%
Ameryka Południowa Wenezuela
53%
Ameryka Południowa Kolumbia
51%
Azja Wietnam
50%
Azja Pakistan
49%
Azja Zjednoczone Emiraty Arabskie
49%
Europa Cypr
46%
Azja Kazachstan
46%
Europa Macedonia Północna
44%
Afryka Maroko
44%
Europa Kosowo
43%
Europa Malta
43%
Afryka Libia
40%
Azja Filipiny
36%
Azja Malezja
36%
Azja Mongolia
36%
Ameryka Południowa Urugwaj
36%
Afryka Etiopia
34%
Europa Liechtenstein
34%
Afryka Nigeria
30%
Azja Korea Północna
29%
Azja Tajwan
21%
Afryka Kenia
20%
Ameryka Południowa Gujana
10%
Afryka Republika Zielonego Przylądka
3%
Afryka Gwinea Bissau
1%
Nie znaleziono quizów pasujących do podanych kryteriów
Rozkład punktacji
Procent ludzi z każdym wynikiem
Percentyl według liczby udzielonych odpowiedzi
Twoja historia wyników
Nie rozwiązałeś tego quizu